| 000 | 00602nam a2200229Ia 4500 | ||
|---|---|---|---|
| 008 | 160517s9999 xx 000 0 und d | ||
| 020 | _a981-4096-63-6 | ||
| 050 | _aComSc QA 76.758 | ||
| 050 | _b.S66 2001 | ||
| 100 | _aSommerville, Ian. | ||
| 245 | _aSoftware engineering / | ||
| 245 | _cIan Sommerville. | ||
| 250 | _a6th Edition | ||
| 260 | _aSingapore : | ||
| 260 | _bPearson Educ. Asia Pte. Ltd., | ||
| 260 | _c2001 | ||
| 300 | _a693 pages : | ||
| 300 | _bill. ; | ||
| 300 | _c24 cm. | ||
| 500 | _aIncludes bibliographical references and index. | ||
| 650 | _aSoftware engineering. | ||
| 999 |
_c294205 _d294205 |
||